| 000 | 00806cam a2200253 4500 | ||
|---|---|---|---|
| 001 | ABS61529 | ||
| 008 | 000000n1999 000 0 eng u | ||
| 035 | _a(Sirsi) u102887 | ||
| 100 | _aGardner, G. | ||
| 245 | _aShopping and theming | ||
| 260 | _c1999 | ||
| 490 |
_aBuilding Design _v(1417) 5 November 1999, 10(1) |
||
| 520 | _aConsiders the importance of theming as a way of attracting customers to shopping centres, a process which could see architects being moved to the sidelines. | ||
| 590 | _aABS | ||
| 650 | _aTHEMING | ||
| 650 | _aSHOPPING CENTRES | ||
| 650 | _aBRITISH COUNCIL OF SHOPPING CENTRES | ||
| 650 | _aRETAIL DEVELOPMENT | ||
| 650 | _aENTERTAINMENT | ||
| 650 | _aDESIGN | ||
| 650 | _aARCHITECTS | ||
| 690 | _aPROPERTY-COMMERCIAL PROPERTY-RETAIL PROPERTY | ||
| 942 | _n0 | ||
| 999 |
_c61841 _d61841 |
||